| 000 | 01766nam a2200445 i 4500 | ||
|---|---|---|---|
| 001 | 25544 | ||
| 003 | KOSZ 005 | ||
| 005 | 20240405063038.0 | ||
| 008 | 070614s1971 pl a f 000 0 pol | ||
| 015 | _aPB 1971/11859 | ||
| 040 |
_aWA N _cWA N _dKOSZ 005/RW |
||
| 041 | 0 |
_apol _beng _bfre _brus |
|
| 046 | _k1971 | ||
| 080 | _a002 | ||
| 080 | _a658.012.4 | ||
| 080 | _a62(438) | ||
| 100 | 1 |
_aDobrzyńska, Anna. _eAutor |
|
| 245 | 1 | 0 |
_aPotrzeby informacyjne kadry kierowniczej przedsiębiorstwa przemysłowego i ich zaspokajanie w latach 1966-1968 / _cAnna Dobrzyńska. |
| 260 |
_aWarszawa : _bInstytut Informacji Naukowej, Technicznej i Ekonomicznej, _c1971. |
||
| 300 |
_a52 strony : _bilustracje, errata ; _c24 cm. |
||
| 336 |
_aTekst _btxt _2rdacontent |
||
| 337 |
_aBez urządzenia pośredniczącego _bn _2rdamedia |
||
| 338 |
_aWolumin _bnc _2rdacarrier |
||
| 380 | _aKsiążki | ||
| 380 | _aPublikacje naukowe | ||
| 388 | _a1901-2000 | ||
| 490 | 1 |
_aPrace, Studia, Przyczynki / Instytut Informacji Naukowej, Technicznej i Ekonomicznej ; _v7. |
|
| 504 | _aBibliografia na stronach 51-52. | ||
| 546 | _aStreszczenia w języku angielskim, francuskim, rosyjskim. | ||
| 658 | _aInformatyka i technologie informacyjne | ||
| 658 | _aZarządzanie i marketing | ||
| 648 | 4 | _a1901-2000 | |
| 651 | 4 | _aPolska | |
| 650 | 4 | _aSystemy informatyczne zarządzania | |
| 648 | 4 | _a1945-1989 | |
| 710 | 2 |
_aInstytut Informacji Naukowej, Technicznej i Ekonomicznej _4pbl. |
|
| 830 | 0 |
_aPrace, Studia, Przyczynki - Instytut Informacji Naukowej, Technicznej i Ekonomicznej _v7. |
|
| 856 |
_uhttp://koha.tu.koszalin.pl/cgi-bin/koha/opac-detail.pl?biblionumber=25544 _yKatalog online BPK |
||
| 942 |
_2UKD _cKS |
||
| 999 |
_c25544 _d25544 |
||